Programación en C

Збережено в:
Бібліографічні деталі
Автор: Gottfried, Byron S.
Формат: Книга
Мова:Spanish
Опубліковано: Madrid : McGraw-Hill, c1997.
Редагування:2
Серія:Schaum
Предмети:
Теги: Додати тег
Немає тегів, Будьте першим, хто поставить тег для цього запису!

MARC

LEADER 00000nam a2200000Ia 4500
003 L000831
005 20221231143942.0
008 140114s1997 sp a 000 ||spa d
040 |c cru CEDI 
082 |a  005.4 G685p2 
100 |a Gottfried, Byron S.  |9 20492 
245 |a Programación en C 
250 |a 2 
260 |a  Madrid : McGraw-Hill,   |c c1997. 
300 |a  xii, 659 páginas : ilustraciones 
440 |a Schaum  |9 20669 
500 |a  Traducción: Programming with C, 2.ed 
650 |x PROGRAMACION (COMPUTADORAS ELECTRONICAS)   |x C (LENGUAJE DE PROGRAMACION PARA COMPUTADORA)  |9 20670 
942 |2 ddc  |c BK 
999 |c 14699  |d 14699